Statistics for All 50k+ cities in Iowa on a map

Click here to take the quiz!

General Stats

  • This quiz has been taken 209 times
  • The average score is 9 of 11

Answers on the Map

Answers color-coded by a green-red scale on the quiz's map according to % correct below.
 

Answer Stats

HintAnswer% Correct
212,031Des Moines
99%
136,467Cedar Rapids
92%
74,596Iowa City
92%
85,617Sioux City
91%
101,009Davenport
89%
59,119Dubuque
78%
66,424Ames
75%
66,941Waterloo
75%
69,792West Des Moines
75%
62,415Council Bluffs
67%
70,287Ankeny
63%

Score Distribution

Percentile by Number Answered

Percent of People with Each Score

Your Score History

You have not taken this quiz